পাবনায় ইসলাম / (Record no. 25921)

MARC details
000 -LEADER
fixed length control field 00690nam a22001817a 4500
003 - CONTROL NUMBER IDENTIFIER
control field BDDh-ASL
005 - DATE AND TIME OF LATEST TRANSACTION
control field 20231015030557.0
008 - FIXED-LENGTH DATA ELEMENTS--GENERAL INFORMATION
fixed length control field 210920s1996 b ||||| |||| 00| 0 b d
040 ## - CATALOGING SOURCE
Transcribing agency BDDh-ASL
082 ## - DEWEY DECIMAL CLASSIFICATION NUMBER
Classification number 297.9243
Item number TAP
100 1# - MAIN ENTRY--PERSONAL NAME
9 (RLIN) 4428
Personal name তালিব, মুহম্মদ আবূ
245 10 - TITLE STATEMENT
Title পাবনায় ইসলাম /
246 ## - VARYING FORM OF TITLE
Title proper/short title Pabnay Islam
260 ## - PUBLICATION, DISTRIBUTION, ETC.
Place of publication, distribution, etc. ঢাকা:
Name of publisher, distributor, etc. ইসলামিক ফাউন্ডেশন বাংলাদেশ,
Date of publication, distribution, etc. ১৯৯৬।
300 ## - PHYSICAL DESCRIPTION
Extent 76 p. :
Dimensions 21 cm.
650 #0 - SUBJECT ADDED ENTRY--TOPICAL TERM
Topical term or geographic name entry element Religion, ধর্ম, Dharma, faith, creed, law, worship, property, আস্তিকতা, দীন
General subdivision Islam
9 (RLIN) 2606
942 ## - ADDED ENTRY ELEMENTS (KOHA)
Source of classification or shelving scheme Dewey Decimal Classification
Koha item type Books
Holdings
Withdrawn status Lost status Source of classification or shelving scheme Damaged status Not for loan Collection code Home library Current library Shelving location Date acquired Source of acquisition Total Checkouts Full call number Barcode Date last seen Copy number Price effective from Koha item type
    Dewey Decimal Classification     Non-fiction Asiatic Society Library Asiatic Society Library General Stacks 09/20/2021 ASB Collection   297.9243 TAP 111744 09/20/2021 C-1 09/20/2021 Books

Powered by Koha